000 00320nam a2200121Ia 4500
008 191201s2003 xx 000 0 und d
100 _aCHERUNILAM,Francis
245 0 _aInternational Trade and Export Management
260 _aN. Delhi
_bHimalaya Publication House
_c2003
300 _a478
650 _aMBA
942 _2ddc
_cBK
999 _c200
_d200